000 00411nam a2200181Ia 4500
001 10036
005 20260306161802.0
008 260306t1988||||xx |||||||||||||| ||spa||
041 _aESP
082 _aPE 869.568
_bV19 T. 2
100 _aSánchez, Luis Alberto
_eAUT
245 0 _aValdelomar
260 _c1988
300 _apágs. :
_ccm.
650 _aGEN
654 _aCHU
942 _cLIB
_dJUS
_fJUS
_2ddc
_n
999 _c10036
_d10036